Tous les cantons de la Moselle sur une carte - Statistiques

Statistiques générales
  • Ce quiz a été pris 200 fois
  • Le résultat moyen est 14 sur 27
Réponses sur la Carte
Les réponses sont colorées sur une échelle allant du rouge au vert en fonction du pourcentage des utilisateurs qui les ont devinées à leur premier essai. Vous pouvez retrouver ces pourcentages ci-dessous.
 
Statistiques - réponses
Canton % Correct
Metz-1
98%
Metz-2
98%
Metz-3
98%
Thionville
95%
Forbach
88%
Sarreguemines
87%
Sarrebourg
82%
Bitche
66%
Saint-Avold
63%
Boulay-Moselle
51%
Hayange
51%
Montigny-les-Metz
50%
Freyming-Merlebach
49%
Le Saulnois
47%
Phalsbourg
39%
Yutz
39%
Stiring-Wendel
38%
Bouzonville
32%
Le Sillon mosellan
30%
Faulquemont
28%
Fameck
26%
Sarralbe
26%
Rombas
23%
Le Pays Messin
18%
Algrange
17%
Metzervisse
14%
Les Coteaux de Moselle
12%
Aucun quiz correspondant
Distribution des résultats
% des personnes avec chaque résultat
Percentile par nombre de réponses
Votre historique - résultats
Vous n’avez pas pris ce quiz